[Event "Novokuznetsk-ch op"]
[Site "Novokuznetsk"]
[Date "2010.12.11"]
[Round "8"]
[White "Barsukov, Vladislav"]
[Black "Strakhov, Andrey"]
[Result "1-0"]
[WhiteElo "1850"]
[BlackElo "2003"]
[PlyCount "79"]
[EventDate "2010.11.14"]
[EventType "swiss"]
[EventRounds "9"]
[EventCountry "RUS"]
[SourceTitle "EXT 2022"]
[Source "ChessBase"]
[SourceDate "2021.10.06"]
[SourceVersion "1"]
[SourceVersionDate "2021.10.06"]
[SourceQuality "1"]

1. e4 g6 2. d4 Bg7 3. Nf3 c6 4. Nc3 d5 5. exd5 cxd5 6. Bb5+ Nc6 7. Ne5 Bd7 8. Nxd7 Qxd7 9. Be3 Nf6 10. h3 a6 11. Bxc6 bxc6 12. 0-0 0-0 13. Na4 Qd6 14. Nc5 Nd7 15. Nxd7 Qxd7 16. Re1 Rab8 17. Rb1 Rfe8 18. Bf4 Rb7 19. c3 f6 20. Qe2 e5 21. Qxa6 Ra7 22. Qe2 Rxa2 23. Bg3 Kf7 24. dxe5 fxe5 25. Qf3+ Qf5 26. Qe3 Rb8 27. b4 Re8 28. Ra1 Rxa1 29. Rxa1 e4 30. Ra7+ Kg8 31. Qb6 Qf6 32. Qc7 Rf8 33. Qd7 h5 34. Rc7 e3 35. fxe3 h4 36. Bf4 g5 37. Rxc6 Qf5 38. Qxf5 Rxf5 39. Bc7 Rf7 40. b5 1-0

[Event "Novokuznetsk-ch op"]
[Site "Novokuznetsk"]
[Date "2010.12.05"]
[Round "7"]
[White "Strakhov, Andrey"]
[Black "Bolov, Andrey"]
[Result "1/2-1/2"]
[WhiteElo "2003"]
[BlackElo "2030"]
[PlyCount "86"]
[EventDate "2010.11.14"]
[EventType "swiss"]
[EventRounds "9"]
[EventCountry "RUS"]
[SourceTitle "EXT 2022"]
[Source "ChessBase"]
[SourceDate "2021.10.06"]
[SourceVersion "1"]
[SourceVersionDate "2021.10.06"]
[SourceQuality "1"]

1. e4 c5 2. Nc3 d6 3. g3 g6 4. Bg2 Bg7 5. d3 Nc6 6. Nge2 Rb8 7. 0-0 e6 8. Be3 e5 9. Qd2 Nd4 10. f4 Nf6 11. fxe5 dxe5 12. Bg5 h6 13. Bxf6 Bxf6 14. Nxd4 Qxd4+ 15. Kh1 Bg5 16. Qe2 0-0 17. h4 Bd8 18. Nd5 Be6 19. b3 Bxd5 20. exd5 Be7 21. Qd2 Qg4 22. Kh2 Kg7 23. Bh3 Qb4 24. c3 Qb6 25. Rae1 Qd6 26. c4 f5 27. h5 Bg5 28. Qe2 Rbe8 29. hxg6 Qxg6 30. Qf3 f4 31. Qe4 fxg3+ 32. Kg2 Qxe4+ 33. dxe4 Rxf1 34. Rxf1 Bf4 35. d6 Rd8 36. d7 Kf6 37. Bf5 Ke7 38. Rd1 b6 39. a3 a5 40. Rb1 Ra8 41. a4 Rd8 42. Rh1 Rg8 43. Rh4 Kd8 1/2-1/2

[Event "Novokuznetsk op"]
[Site "Novokuznetsk"]
[Date "2008.11.29"]
[Round "4"]
[White "Nuzhdov, Vasiliy"]
[Black "Strakhov, Andrey"]
[Result "1-0"]
[WhiteElo "2043"]
[BlackElo "1948"]
[PlyCount "83"]
[EventDate "2008.11.22"]
[EventType "swiss"]
[EventRounds "9"]
[EventCountry "RUS"]
[SourceTitle "CBM 127 Extra"]
[Source "ChessBase"]
[SourceDate "2009.01.08"]
[SourceVersion "2"]
[SourceVersionDate "2009.01.28"]
[SourceQuality "1"]

1. c4 c6 2. Nf3 g6 3. d4 Bg7 4. Nc3 d5 5. e3 Nf6 6. Be2 0-0 7. 0-0 e6 8. Ne5 Nbd7 9. f4 Nxe5 10. fxe5 Nd7 11. b3 f6 12. Bg4 Qe7 13. exf6 Nxf6 14. Bf3 e5 15. cxd5 e4 16. Be2 cxd5 17. a4 Qd8 18. Ba3 Rf7 19. Rc1 a6 20. Qd2 Bf8 21. Bxf8 Qxf8 22. Rf4 Be6 23. Rcf1 Kg7 24. Qe1 Rc8 25. h3 Qb4 26. Rxf6 Rxf6 27. Rxf6 Bg8 28. Qf2 Rxc3 29. Qf4 Rc1+ 30. Bf1 Qe7 31. Rb6 Rc8 32. Be2 Rf8 33. Qg3 Rf6 34. a5 Bf7 35. Qb8 Rxb6 36. axb6 Qb4 37. Qxb7 Qe1+ 38. Kh2 Qxe2 39. Qc7 Qxe3 40. Qe5+ Kh6 41. b7 Be6 42. b8Q 1-0

[Event "Novokuznetsk-ch op"]
[Site "Novokuznetsk"]
[Date "2007.11.24"]
[Round "9"]
[White "Cheremnova, Tamara"]
[Black "Strakhov, Andrey"]
[Result "1-0"]
[WhiteElo "2177"]
[BlackElo "1883"]
[PlyCount "49"]
[EventDate "2007.11.24"]
[EventType "swiss"]
[EventRounds "9"]
[EventCountry "RUS"]
[SourceTitle "EXT 2022"]
[Source "ChessBase"]
[SourceDate "2021.10.06"]
[SourceVersion "1"]
[SourceVersionDate "2021.10.06"]
[SourceQuality "1"]

1. d4 c5 2. d5 d6 3. c4 g6 4. e4 Bg7 5. Nf3 Bg4 6. Be2 Nf6 7. Nc3 0-0 8. 0-0 Nfd7 9. Be3 Na6 10. Nd2 Bxe2 11. Qxe2 Nb4 12. Rac1 f5 13. f4 Bd4 14. a3 Bxe3+ 15. Qxe3 Na6 16. exf5 Rxf5 17. Rce1 Rf7 18. Nf3 h6 19. Nh4 Rg7 20. f5 Ne5 21. Nxg6 Nxg6 22. fxg6 Rxg6 23. Qxe7 Rg7 24. Qxd6 Kh7 25. Rf6 1-0

[Event "Novokuznetsk-ch op"]
[Site "Novokuznetsk"]
[Date "2007.11.24"]
[Round "5"]
[White "Denisova, Natalia"]
[Black "Strakhov, Andrey"]
[Result "0-1"]
[WhiteElo "1993"]
[BlackElo "1883"]
[PlyCount "36"]
[EventDate "2007.11.24"]
[EventType "swiss"]
[EventRounds "9"]
[EventCountry "RUS"]
[SourceTitle "EXT 2022"]
[Source "ChessBase"]
[SourceDate "2021.10.06"]
[SourceVersion "1"]
[SourceVersionDate "2021.10.06"]
[SourceQuality "1"]

1. e4 c6 2. d4 d5 3. exd5 cxd5 4. c4 Nf6 5. Nc3 Nc6 6. Nf3 Bg4 7. Be2 dxc4 8. Qa4 a6 9. Qxc4 Rc8 10. Be3 b5 11. Qd3 Nb4 12. Qd2 Ne4 13. Nxe4 Nc2+ 14. Kf1 Nxa1 15. Nc5 Bf5 16. Ne1 e5 17. Nxa6 Qb6 18. Nc5 exd4 0-1

[Event "Novokuznetsk-ch op"]
[Site "Novokuznetsk"]
[Date "2007.11.24"]
[Round "6"]
[White "Golovkin, Viktor Ivanovich"]
[Black "Strakhov, Andrey"]
[Result "0-1"]
[WhiteElo "2067"]
[BlackElo "1883"]
[PlyCount "118"]
[EventDate "2007.11.24"]
[EventType "swiss"]
[EventRounds "9"]
[EventCountry "RUS"]
[SourceTitle "EXT 2022"]
[Source "ChessBase"]
[SourceDate "2021.10.06"]
[SourceVersion "1"]
[SourceVersionDate "2021.10.06"]
[SourceQuality "1"]

1. d4 c5 2. Nf3 Nc6 3. e3 Nf6 4. c3 cxd4 5. cxd4 d6 6. Be2 Bf5 7. a3 g6 8. Nc3 Bg7 9. 0-0 0-0 10. Bd2 Ne4 11. Nxe4 Bxe4 12. Bc3 e5 13. dxe5 dxe5 14. Qb3 Bd5 15. Qa4 e4 16. Nd4 Nxd4 17. Bxd4 Bc6 18. Qb4 Bxd4 19. Rad1 Qb6 20. Qxd4 Rfd8 21. Qxb6 axb6 22. Rxd8+ Rxd8 23. Rd1 Rxd1+ 24. Bxd1 Kf8 25. f3 f5 26. Kf2 Ke7 27. fxe4 Bxe4 28. Bf3 Ke6 29. g4 Ke5 30. Bd1 h6 31. h4 f4 32. Bb3 g5 33. hxg5 hxg5 34. Bd1 Bd5 35. Bf3 fxe3+ 36. Kxe3 Bxf3 37. Kxf3 Kd4 38. a4 Kd5 39. b4 Kd4 40. b5 Kd3 41. Kf2 Ke4 42. Ke2 Kf4 43. Kd3 Kxg4 44. Kd4 Kf5 45. Kd5 g4 46. Kd6 g3 47. Kc7 g2 48. Kxb6 g1Q+ 49. Kxb7 Qg7+ 50. Ka6 Qd7 51. a5 Qc8+ 52. Ka7 Qc7+ 53. Ka6 Qb8 54. b6 Qa8+ 55. Kb5 Qb7 56. a6 Qd5+ 57. Kb4 Qc6 58. b7 Qb6+ 59. Kc3 Ke5 0-1

[Event "Novokuznetsk-ch op"]
[Site "Novokuznetsk"]
[Date "2007.11.24"]
[Round "2"]
[White "Strakhov, Andrey"]
[Black "Kokunin, Sergey"]
[Result "0-1"]
[WhiteElo "1883"]
[BlackElo "2131"]
[PlyCount "54"]
[EventDate "2007.11.24"]
[EventType "swiss"]
[EventRounds "9"]
[EventCountry "RUS"]
[SourceTitle "EXT 2022"]
[Source "ChessBase"]
[SourceDate "2021.10.06"]
[SourceVersion "1"]
[SourceVersionDate "2021.10.06"]
[SourceQuality "1"]

1. e4 e5 2. Nf3 Nc6 3. d4 exd4 4. Bc4 Be7 5. 0-0 d6 6. Nxd4 Nxd4 7. Qxd4 Bf6 8. Qd5 Qd7 9. Rd1 a6 10. c3 Qe6 11. Qd3 Qg4 12. f3 Qg6 13. f4 Ne7 14. f5 Qh5 15. h3 Nc6 16. g4 Qh4 17. Kg2 h5 18. Qg3 hxg4 19. Qxg4 Ne5 20. Qxh4 Rxh4 21. Bd5 c6 22. Bb3 Rxe4 23. Rxd6 Bxf5 24. Nd2 Re2+ 25. Kf1 Rh2 26. Nc4 Bxh3+ 27. Kg1 Nf3# 0-1